02740cam a2200265 a 4500003000900000005001700009008004100026040002800067041000800095100003400103245018200137246022600319260005300545300004400598502009800642520141800740530002202158653004102180653004602221653004002267700004302307700004402350700004702394856003302441EG-GiCUC20250223032619.0201025s2020 ua dh f m 000 0 eng d aEG-GiCUCbengcEG-GiCUC0 aeng0 aJohn Malaty Fouad Abdelmesseh10aValidation of sts score for Egyptian cabg patients / cJohn Malaty Fouad Abdelmesseh ; Supervied Magued Abdelmesseh Zikri , Waleed Gamal Eldin Abosenna , Ahmed Salah Eldin Fouad15aدراسة مدى كفاءة وصلاحية نظام جمعية جراحى القلب(إس-تى-إس) فى تقييم وتوقع مخاطر جراحة القلب فى مرضى شرايين القلب المصريين  aCairo : bJohn Malaty Fouad Abdelmesseh , c2020 a250 P. : bcharts , facimiles ; c25cm  aThesis (Ph.D.) - Cairo University - Faculty of Medicine - Department of Cardiothoracic Sugery aBackground: CABG has been established as the standard treatment of complex CAD. Prognostic models have been adopted in medical guidelines and are now widely used to assess risk and guide therapy.We applied STS scoring system to patients undergoing CABG to evaluate their predictive performance of early mortality and morbidities . Methods: In the period between septemper 2018and june 2020, we evaluated 100 patients who underwent CABG at the Kasr AL Ainy hospitals. STS values were calculated for the patients who were fall in the isolated CABG model of the STS risk models using the STS calculator v2.9 available online The area under a receiver operating characteristic (ROC) curve, was used to represent the discriminative power of the scoring system and The Hosmer-Lemeshow statistic was used to assess calibration. Results: STS model showed good discriminationpower and good calibration in Hosmer and Lemeshow Test in predicting mortality ,morbidity, renal failure,neurological complications, DSW infection and long length of stay. Also it showed bad calibration in predicting prolonged ventilation. However, it could not be assessed for reoperation and short length of stay because there was no events.Conclusion: STS scoring system is well calibrated to be used in the studied population that was submitted to CABG procedures, being able to detect mortality and the majority of the investigated outcomes  aIssued also as CD 4aCoronary Artery Bypass Graft (CABG)  4aPercutaneous Coronary Intervention (PCI)  4aSociety of Thoracic Surgeons (STS) 0 aAhmed Salah Eldin Fouad , eSupervisor0 aMagued Abdelmesseh Zikri , eSupervisor0 aWaleed Gamal Eldin Abosenna , eSupervisor uhttp://172.23.153.220/th.pdf